000 00702nam a22002057a 4500
003 OSt
005 20250717055719.0
008 250717b |||||||| |||| 00| 0 eng d
020 _a978-621-416-145-4
040 _aDWC-Main Lib
_cOC
082 _aFil. 657.044 V172i 2024
100 _aValix, Conrado T.
245 _aIntermediate accounting volume three/
_cConrado T. Valix & Christian Aris M. Valix
250 _a2024 revised edition
260 _aManila, Philippines :
_bGIC enterprises & Co. Inc.,
_cc2024.
300 _avolume 3 , 726 pages :
_billustrations ;
_c22cm.
650 _a1. Accounting.
700 _aValix, Christian Aris M.
942 _2ddc
_cBK - FIL
_e2024 revised edition
_kFil.
_n0
999 _c3744
_d3744